Представление документа в формате MARC21

Поле Инд. ПП Название Значение
Тип записи a
Библиографический уровень m
001 Контрольный номер RU/LIBMSTU/318615251
005 Дата корректировки 20200430121127.5
008 Кодируемые данные 100209|||||||||ru |||||||||||000|||rus||
020 a ISBN 978-5-282-02865-2
c Цена, тираж 317-57
040 b Код языка каталог. rus
041 0_ a Код языка текста rus
084 a Индекс другой классификации/Индекс ББК 65.012.1+65.291я7
090 a Полочн. индекс 65.012
x Авторский знак Р 64
100 1_ a Автор Розанова Н. М.
245 10 a Заглавие Экономическая теория фирмы
b Продолж. заглавия учебник для вузов
260 a Место издания [Москва]
b Издательство Экономика
c Дата издания [2009]
300 a Объем 446, [1] с.
b Иллюстрации/ тип воспроизводства ил.
440 _0 a Серия Высшее образование
650 04 a Основная рубрика Фирмы-Теория-Учебные издания для высших учебных заведений
650 14 a Основная рубрика Микроэкономика-Учебные издания для высших учебных заведений
653 0_ a Ключевые слова Издержки фирмы
a Ключевые слова Конкуренция фирм
a Ключевые слова Экономика предприятий
a Ключевые слова Монополии
a Ключевые слова Монополисты
a Ключевые слова Рынки инновационные
a Ключевые слова Рынки
901 t Тип документа m
952 b Гриф литературы для ВШ Рекомендовано Межвузовским центром экон. образования МОиН РФ
c Вид литературы учебник